Detalles MARC
| 000 -CABECERA |
| Longitud fija campo de control |
02720nam a2200493 c 4500 |
| 001 - NÚMERO DE CONTROL |
| Número de control |
3684 |
| 003 - IDENTIFICADOR DE NÚMERO DE CONTROL |
| Identificador del número de control |
ES-MaCES |
| 005 - FECHA Y HORA DE LA ÚLTIMA TRANSACCIÓN |
| Fecha y hora de la última transacción |
20141221121656.0 |
| 008 - CAMPO FIJO DE DESCRIPCIÓN FIJA--INFORMACIÓN GENERAL |
| Códigos de información de longitud fija |
971031s1997 sp ||| | spa d |
| 017 ## - NÚMERO DE REGISTRO DE DERECHOS DE AUTOR Y DEPÓSITO LEGAL |
| Número de copyright o de depósito legal |
M-34323-97 |
| Agencia que asigna el número |
DL |
| 020 ## - ISBN (INTERNATIONAL STANDARD BOOK NUMBER) |
| Número Internacional Normalizado para Libros (ISBN) |
8474254825 |
| 024 7# - OTROS IDENTIFICADORES |
| Número normalizado o código |
211-97-030-7 |
| Fuente del número o código |
nipo |
| 035 ## - NÚMERO DE CONTROL DEL SISTEMA |
| Número de control del sistema |
CES19980037101m |
| 040 ## - FUENTE DE CATALOGACIÓN |
| Centro catalogador de origen |
ES-MaCES |
| Lengua de catalogación |
spa |
| Centro transcriptor |
ES-MaCES |
| 110 1# - ENCABEZAMIENTO PRINCIPAL--NOMBRE CORPORATIVO |
| Nombre de entidad corporativa o nombre de jurisdicción como elemento inicial |
España |
| Título de la obra |
Ley de prevención de riesgos laborales |
| Fecha del congreso o de la firma de un tratado |
1995 |
| 9 (RLIN) |
3029 |
| 245 10 - MENCIÓN DE TÍTULO |
| Título |
Ley de prevención de riesgos laborales y normativa de desarrollo |
| Resto del título |
: textos íntegros |
| 260 ## - PUBLICACIÓN, DISTRIBUCIÓN, ETC (PIE DE IMPRENTA) |
| Lugar de publicación, distribución, etc. |
[Madrid] |
| Nombre del editor, distribuidor, etc. |
Instituto Nacional de Seguridad e Higiene en el Trabajo |
| Fecha de publicación, distribución, etc. |
D.L. 1997 |
| 300 ## - DESCRIPCIÓN FÍSICA |
| Extensión |
1 archivador (13 cuadernillos) |
| Dimensiones |
31 cm |
| 490 1# - MENCIÓN DE SERIE |
| Mención de serie |
Legislación sobre seguridad y salud en el trabajo |
| Designación de volumen o secuencia |
1-13 |
| 500 ## - NOTA GENERAL |
| Nota general |
Edición especial para la II Semana Europea para la Seguridad y Salud en el Trabajo financiado por la Comisión Europea |
| 505 0# - NOTA DE CONTENIDO FORMATEADA |
| Nota de contenido con formato |
Contiene: I. Ley de prevención de riesgos laborales -- II. Reglamento de los servicios de prevención y Orden de desarrollo -- III. Señalización de seguridad y salud en el trabajo -- IV. Lugares de trabajo -- V. Manipulación de cargas --VI. Pantallas de visualización -- VII. Actividades de prevención de las mutuas de A.T. y E.P. -- VIII. Agentes biológicos -- IX. Agentes cancerígenos -- X. Utilización de equipos de protección individual - - XI. Utilización de equipos de trabajo -- XII. Buques de pes ca -- XIII. Obras de construcción |
| 541 ## - NOTA DE LA FUENTE INMEDIANTE DE ADQUISICIÓN |
| Forma de adquisición |
Gratuito |
| 650 #4 - ASIENTO SECUNDARIO DE MATERIA--TÉRMINO DE MATERIA |
| Término de materia o nombre geográfico como elemento inicial |
seguridad en el trabajo |
| 9 (RLIN) |
28348 |
| 650 #4 - ASIENTO SECUNDARIO DE MATERIA--TÉRMINO DE MATERIA |
| Término de materia o nombre geográfico como elemento inicial |
salud en el trabajo |
| 9 (RLIN) |
28347 |
| 650 #4 - ASIENTO SECUNDARIO DE MATERIA--TÉRMINO DE MATERIA |
| Término de materia o nombre geográfico como elemento inicial |
lesión profesional |
| 9 (RLIN) |
29813 |
| 650 #4 - ASIENTO SECUNDARIO DE MATERIA--TÉRMINO DE MATERIA |
| Término de materia o nombre geográfico como elemento inicial |
riesgo |
| 9 (RLIN) |
29564 |
| 650 #4 - ASIENTO SECUNDARIO DE MATERIA--TÉRMINO DE MATERIA |
| Término de materia o nombre geográfico como elemento inicial |
equipo de protección |
| 9 (RLIN) |
30037 |
| 650 #4 - ASIENTO SECUNDARIO DE MATERIA--TÉRMINO DE MATERIA |
| Término de materia o nombre geográfico como elemento inicial |
España |
| 9 (RLIN) |
26964 |
| 650 #4 - ASIENTO SECUNDARIO DE MATERIA--TÉRMINO DE MATERIA |
| Término de materia o nombre geográfico como elemento inicial |
1995 |
| 9 (RLIN) |
30872 |
| 650 #4 - ASIENTO SECUNDARIO DE MATERIA--TÉRMINO DE MATERIA |
| Término de materia o nombre geográfico como elemento inicial |
1997 |
| 9 (RLIN) |
30803 |
| 650 #4 - ASIENTO SECUNDARIO DE MATERIA--TÉRMINO DE MATERIA |
| Término de materia o nombre geográfico como elemento inicial |
legislación del trabajo |
| 9 (RLIN) |
27166 |
| 650 #4 - ASIENTO SECUNDARIO DE MATERIA--TÉRMINO DE MATERIA |
| Término de materia o nombre geográfico como elemento inicial |
texto |
| 9 (RLIN) |
29624 |
| 653 10 - TÉRMINO DE INDEXACIÓN--NO CONTROLADO |
| Término no controlado |
Legislación |
| 710 2# - ENCABEZAMIENTO SECUNDARIO--NOMBRE CORPORATIVO |
| Nombre de entidad o nombre de jurisdicción como elemento inicial |
Instituto Nacional de Seguridad e Higiene en el Trabajo (España) |
| Término indicativo de función |
ed. |
| 9 (RLIN) |
4298 |
| 710 1# - ENCABEZAMIENTO SECUNDARIO--NOMBRE CORPORATIVO |
| Nombre de entidad o nombre de jurisdicción como elemento inicial |
España |
| Unidad subordinada |
Ministerio de Trabajo y Asuntos Sociales |
| 9 (RLIN) |
3273 |
| 711 2# - ENCABEZAMIENTO SECUNDARIO--NOMBRE DE REUNIÓN |
| Nombre de congreso o nombre de jurisdicción como elemento inicial |
Semana Europea para la Seguridad y Salud en el Trabajo |
| Número del congreso o número de parte o sección de la obra |
2ª |
| Fecha del congreso |
1997 |
| Sede del congreso |
Madrid |
| 9 (RLIN) |
122 |
| 787 0# - ENTRADA DE OTRAS ESPECIFICACIONES |
| Título |
Guía técnica para la evaluación y prevención de los riesgos relativos a la utilización de los equipos de trabajo |
| Número de control del registro relacionado |
(ES-MaCES)10973 |
| 787 0# - ENTRADA DE OTRAS ESPECIFICACIONES |
| Título |
Guía técnica [para la] señalización de seguridad y salud en el trabajo |
| Número de control del registro relacionado |
(ES-MaCES)10975 |
| 787 0# - ENTRADA DE OTRAS ESPECIFICACIONES |
| Título |
Guía técnica para la utilización por los trabajadores en el trabajo de los equipos de protección individual |
| Número de control del registro relacionado |
(ES-MaCES)10974 |
| 830 #0 - ENCABEZAMIENTO SECUNDARIO DE COLECCIÓN--TÍTULO UNIFORME |
| Título uniforme |
Legislación sobre seguridad y salud en el trabajo |
| Designación de volumen o secuencia |
1-13 |
| 9 (RLIN) |
32622 |
| 902 ## - CES. TIPO DE DOCUMENTO |
| Tipodoc (006$c Sirtex) |
LIB Libro |
| 942 ## - ELEMENTOS KOHA |
| Fuente de clasificaión o esquema |
Clasificación propia del CES |
| Koha [por defecto] tipo de item |
Monografías |
| Parte de clasificación |
6.1. |